Mãi dịch lúa gạo tại miền Tây Nam phần
Enregistré dans:
| Auteur principal: | |
|---|---|
| Format: | Livre |
| Langue: | Undetermined |
| Publié: |
Cần Thơ
Viện Đại học Cần Thơ - Trường Cao Đẳng Nông Nghiệp
1973
|
| Sujets: | |
| Tags: |
Ajouter un tag
Pas de tags, Soyez le premier à ajouter un tag!
|
| Thư viện lưu trữ: | Trung tâm Học liệu Trường Đại học Cần Thơ |
|---|
| LEADER | 00616nam a2200181Ia 4500 | ||
|---|---|---|---|
| 001 | CTU_33523 | ||
| 008 | 210402s9999 xx 000 0 und d | ||
| 082 | |a 338.1 | ||
| 082 | |b Qu106/1973 | ||
| 100 | |a Đặng Vĩnh Quảng | ||
| 245 | 0 | |a Mãi dịch lúa gạo tại miền Tây Nam phần | |
| 245 | 0 | |c Đặng Vĩnh Quảng | |
| 260 | |a Cần Thơ | ||
| 260 | |b Viện Đại học Cần Thơ - Trường Cao Đẳng Nông Nghiệp | ||
| 260 | |c 1973 | ||
| 650 | |a agriculture - economic aspects | ||
| 904 | |i Minh, 991101 | ||
| 980 | |a Trung tâm Học liệu Trường Đại học Cần Thơ | ||